000 00499cam a2200145 4500500
005 20251012010614.0
041 _afre
042 _adc
100 1 0 _aPastorini, Chiara
_eauthor
245 0 0 _aDes singes, des cyborgs et des femmes : La réinvention de la nature
260 _c2009.
500 _a51
786 0 _nPhilosophie magazine | 28 | 4 | 2009-04-01 | p. 51-51 | 1951-1787
856 4 1 _uhttps://shs.cairn.info/magazine-philosophie-magazine-2009-4-page-51?lang=fr&redirect-ssocas=7080
999 _c1519898
_d1519898